|
|
|
|
| LEADER |
00000nab a2200000 a 4500 |
| 001 |
vtls000673051 |
| 003 |
SK-MaSNL |
| 005 |
20260304084923.0 |
| 008 |
250425c1998 xo 0 slo |
| 015 |
|
|
|a SNBRB1998/10-27701
|
| 035 |
|
|
|a CLN000025227
|
| 035 |
|
|
|a urn:nbn:sk:snk-ab7ebg
|
| 035 |
|
|
|a (uuid)d296add2-9779-4a4c-9176-fccecea74f51
|
| 035 |
|
|
|a (urnnbn)urn:nbn:sk:snk:ar-a07wt3
|
| 035 |
|
|
|a (sysno)vtls000673051
|
| 040 |
|
|
|a SNKBUCL
|b slo
|c SNKBUCL
|e AACR2
|
| 041 |
0 |
|
|a slo
|
| 044 |
|
|
|a xo
|c SK
|
| 080 |
|
|
|a 82.091:885.4:830
|2 1997
|
| 080 |
|
|
|a 885.4.091:830
|2 1997
|
| 080 |
|
|
|a 830.091:885.4
|2 1997
|
| 080 |
|
|
|a 82.091:885.4
|2 1997
|
| 100 |
1 |
|
|a Richter, Ludwig,
|d 1934-2022
|4 aut
|9 15197
|
| 245 |
1 |
0 |
|a K recepcii slovenskej literatúry v nemeckej jazykovej oblasti
|c Ludwig Richter
|
| 300 |
|
|
|b Fotogr.
|
| 650 |
0 |
7 |
|a literatúra slovenská
|x recepcia v nemeckej jazykovej oblasti
|x dejiny
|2 snkbucl
|9 1377829
|
| 655 |
|
7 |
|a články z novín a časopisov
|2 snkbucl
|9 267496
|
| 773 |
0 |
|
|t Literika
|g Roč. 3, č. 3 (1998), s. 63-67
|x 1335-180X
|
| 850 |
|
|
|a Slovenská národná knižnica
|
| 852 |
|
|
|a Slovenská národná knižnica
|
| 954 |
|
|
|a odborná, vedecká literatúra pôvodná (slovenská)
|2 lita
|
| 958 |
|
|
|a article27
|
| 958 |
|
|
|a LX
|
| 958 |
|
|
|a SK
|
| 958 |
|
|
|a DE
|
| 958 |
|
|
|a OND
|
| 958 |
|
|
|a EUIPO
|
| 999 |
|
|
|c 2805645
|d 2807575
|